Memorial de infantería
Descripción Física:
15 pàgs. ; periodicitat desconeguda ; 22 cm
MARC
| LEADER | 00000nas a2200000 a 4500 | ||
|---|---|---|---|
| 001 | 28107 | ||
| 003 | AGDB | ||
| 005 | 20260324175800.0 | ||
| 008 | 160829s1869 xx 000 0 cat d | ||
| 040 | |a agdb |b cat | ||
| 080 | |a Revistes | ||
| 245 | |a Memorial de infantería | ||
| 260 | |a Madrid : |b Dirección General de Infantería : |b Imp. de J. A. Garcia ; |c 1869 | ||
| 300 | |a 15 pàgs. ; |b periodicitat desconeguda ; |c 22 cm | ||
| 500 | |a Descripció basada en: Núm. 36 (oct. 1869). | ||
| 500 | |a Prové de 3543, exp. 3 | ||
| 650 | |a Exèrcits |x Revistes |9 48053 | ||
| 650 | |a Infanteria |x Revistes |9 41110 | ||
| 655 | 0 | |9 55823 |a Revistes | |
| 866 | |a 2a època: 1869 (36) | ||
| 901 | |a Arxiu | ||
| 942 | |n 1 |2 udc |c REV | ||
| 952 | |0 0 |1 0 |4 0 |6 REV2229 |7 1 |9 50050 |a Arxiu |b Arxiu |d 2023-08-01 |h Núm. 36 (2a època, octubre 1869) |o Rev-2229 |p 28107 |r 2016-12-01 00:00:00 |w 2016-12-01 |y ARXIU | ||
| 999 | |c 53892 |d 53892 | ||